|
|
|
|
| LEADER |
00000cam a2200000 7i4500 |
| 001 |
0000001684 |
| 005 |
20220105103925.0 |
| 008 |
070706 |
| 020 |
|
|
|a 9831881508(set)
|
| 020 |
|
|
|a 9831881516
|
| 090 |
0 |
0 |
|a JP
|b ENG (2147)
|
| 100 |
0 |
|
|a Naima Gany Shaik Dawood
|
| 245 |
1 |
0 |
|a Bessie is found out
|c Naima Gany Shaik Dawood
|
| 260 |
|
|
|a Selangor :
|b Nikaz publication ,
|c 2006
|
| 440 |
|
0 |
|a Farmer Roy's tenants
|
| 500 |
|
|
|a Children age 4-6 years old (yellow)
|
| 650 |
|
0 |
|a Animals
|x Fiction
|
| 650 |
|
0 |
|a Children stories, English
|
| 710 |
0 |
|
|a Series
|
| 710 |
0 |
|
|a Title
|
| 999 |
|
|
|a 0000947840
|b Book
|c Children Collection
|e Cawangan Bukit Gambir
|
| 999 |
|
|
|a 0000947841
|b Book
|c Children Collection
|e Cawangan Bukit Gambir
|
| 999 |
|
|
|a 0000947842
|b Book
|c Children Collection
|e Cawangan Bukit Gambir
|
| 999 |
|
|
|a 0000962553
|b Book
|c Children Collection
|e Perbadanan Perpustakaan Awam Johor
|
| 999 |
|
|
|a 0000962554
|b Book
|c Children Collection
|e Cawangan Pontian
|
| 999 |
|
|
|a 0000962555
|b Book
|c Children Collection
|e Perbadanan Perpustakaan Awam Johor
|
| 999 |
|
|
|a 0000962556
|b Book
|c Children Collection
|e Cawangan Sri Merlong
|
| 999 |
|
|
|a 0000962557
|b Book
|c Children Collection
|e Perbadanan Perpustakaan Awam Johor
|
| 999 |
|
|
|a 0000963402
|b Book
|c Children Collection
|e Cawangan Tangkak
|
| 999 |
|
|
|a 0001147802
|b Book
|c Children Collection
|e Cawangan Pontian
|
| 999 |
|
|
|a 0001147815
|b Book
|c Children Collection
|e Cawangan Bukit Gambir
|
| 999 |
|
|
|a 0001147816
|b Book
|c Children Collection
|e Cawangan Bandar Penawar
|